| 000 | 01297cgm a2200349 4500 | ||
|---|---|---|---|
| 001 | J851 | ||
| 008 | 090401t1992 xxu||||| |||| 00| 0 eng d | ||
| 035 | _a(Sirsi) u772 | ||
| 041 | _aeng | ||
| 041 | _aeng | ||
| 050 |
_a347.4107 _c18 |
||
| 100 | _aMacdonald, Lindsay R. | ||
| 245 |
_aAlternative dispute resolution _h[sound recording] |
||
| 260 |
_aLondon _bRoyal Institution of Chartered Surveyors _c1992 |
||
| 300 | _a1 sound cassette (ca. 60 min.) | ||
| 350 | _a15 | ||
| 490 | _aOwlion Audio Programme | ||
| 520 | _aThe principles of ADR are explained in this programme, and contricutors from general practice, arbitration and the legal professional outline the role of each in the ADR process. Includes a mock mediation between two disputing parties. | ||
| 650 | _aALTERNATIVE DISPUTE RESOLUTION | ||
| 650 | _aMANAGEMENT-DISPUTE AVOIDANCE, MANAGEMENT AND RESOLUTION-DISPUTE MANAGEMENT AND RESOLUTION-ARBITRATION | ||
| 650 | _aMEDIATION | ||
| 690 |
_aDispute resolution _96236 |
||
| 700 | _aGillett, Alan | ||
| 700 | _aCross, Siobhan | ||
| 700 | _aBurton, Neil | ||
| 700 | _aSinclair, Stuart | ||
| 700 | _aMackie, Karl | ||
| 710 |
_aRoyal Institution of Chartered Surveyors _94900 |
||
| 710 |
_aCollege of Estate Management _9400 |
||
| 942 | _n0 | ||
| 948 | _c04/03/1997 | ||
| 999 |
_c85195 _d85195 |
||